Statistiche per Top 15 dei paesi con decessi Covid-9 - 18 agosto 2021

Clicka qui per fare il quiz!

Statistiche generali

  • Questo quiz è stato fatto 3 volte
  • Il punteggio medio è 13 su 25

Statistiche sulle risposte

paese% Corretto
Argentina
100%
Brasile
100%
Francia
100%
Germania
100%
Italia
100%
Messico
100%
Russia
100%
Spagna
100%
Stati Uniti
100%
Belgio
67%
India
67%
Perù
67%
Regno Unito
67%
Bosnia ed Erzegovina
33%
Colombia
33%
Iran
33%
Macedonia del Nord
33%
Slovenia
33%
Bulgaria
0%
Cechia
0%
Croazia
0%
Indonesia
0%
Paraguay
0%
Slovacchia
0%
Ungheria
0%

Distribuzione punteggi

Percentile per numero di risposta

Percentuale di utenti per punteggio

I tuoi punteggi nel tempo

Non hai fatto questo quiz